000
00273nam a2200121Ia 4500
008
190216s9999||||xx |||||||||||||| ||und||
100
_a
Nanda S Saxsena
245
0
_a
Real Analysis
260
_b
Allied Publications
300
_a
271
650
_a
Mathematics
942
_c
BK
999
_c
31682
_d
31682